| 000 | 00450nam a22001697a 4500 | ||
|---|---|---|---|
| 999 |
_c66542 _d66539 |
||
| 020 | _a9788131787014(Paperback) | ||
| 082 | _a005.8THO | ||
| 100 | _aThomas, Tom | ||
| 245 | _aNetwork Security First-Step | ||
| 250 | _a2nd Edition. | ||
| 260 |
_aNew Delhi: _bPearson Education, _c2012. |
||
| 300 | _aXXIV,423p. ; | ||
| 650 | _aNetwork Security | ||
| 700 | _aStoddard, Donald | ||
| 856 | _uhttp://10.10.170.122:8080/browse/book/22884 | ||
| 942 | _cBK | ||